Quiz ultime sur la Russie! - Statistiques

Statistiques générales
  • Ce quiz a été pris 161 fois
  • Le résultat moyen est 32 sur 112
Statistiques - réponses
Hint Réponse % Correct
Capitale de la Russie Moscou
99%
Capitale de la Russie, avant 1918 Saint Pétersbourg
94%
Péninsule annexée à l'Ukraine par la Russie en 2014 Crimée
91%
Nom de celle-ci, sous le régime soviétique Leningrad
91%
Couleur représentant le communisme Rouge
91%
Pays, appartenant anciennement à l'URSS, surnommé "La dernière dictature d'Europe" Biélorussie
77%
"Père" du communisme Karl Marx
77%
Partie asiatique de la Russie, recouvrant 77% de la superficie du pays Sibérie
74%
Détroit séparant la Russie des Etats-Unis Détroit de Béring
71%
Camps soviétiques de travaux forcés Goulags
68%
Chaîne de montagnes séparant la partie occidentale de la partie orientale de la Russie Oural
66%
Auteur du roman "Guerre et Paix" Léon Tolstoï
65%
Premier Tsar de Russie, surnommé "Le Terrible" Ivan IV
64%
Dernier dirigeant de l'URSS, mort il y a quelques jours (Mardi 30 août 2022) Mikhaïl Gorbatchev
63%
2e dirigeant de l'URSS Joseph Staline
62%
1er dirigeant de l'URSS Vladimir Lénine
62%
Territoire, vendu aux Etats-Unis en 1867 pour 7,2 millions de dollars Alaska
61%
Dernier Tsar de Russie Nicolas II
61%
Premier homme à être allé dans l'espace, en 1961 Youri Gagarine
61%
Chaîne de montagnes séparant la Russie de l'Asie (Géorgie et Arménie) Caucase
60%
Bataille, tournant de la 2nde Guerre mondiale et victoire soviétique Bataille de Stalingrad
59%
Nombre d'aéroports dans Moscou 3
55%
Révolutionnaire communiste, mort assassiné en 1940. Avec un autre révolutionnaire bien connu, il mena la Révolution d'Octobre (1917) Léon Trotski
55%
Impératrice de Russie, surnommé "La Grande" Catherine II
54%
Lac le plus profond du monde Lac Baïkal
54%
Dynastie de ce dernier Romanov
54%
Couleurs figurant sur le drapeau russe (dans l'ordre, de haut en bas) Blanc bleu rouge
50%
Plus grande ville sur la côte Pacifique Vladivostok
50%
2e prédisent de la fédération de Russie Vladimir Poutine
49%
Mer bordant Sotchi Mer Noire
48%
Pays situé au sud de Vladivostok, et partageant une frontière de 15km avec la Russie Corée du Nord
47%
Pays faisant anciennement partie de l'URSS, dont la capitale est Noursoultan (ex Astana) Kazakhstan
43%
Théâtre célèbre à Moscou pouvant accueillir jusqu'à 1 800 personnes Théâtre Bolchoï
43%
Ballet de Tchaïkovski, adaptation d'un roman d'Alexandre Dumas Casse-Noisette
42%
Exclave russe située en Europe Kaliningrad
41%
Mer que bordent Kaliningrad ainsi que St Pétersbourg Mer Baltique
41%
Bombe, inventée durant l'URSS, la plus puissante jamais conçue (3125 fois plus que Little Boy) Tsar Bomba
41%
1er prédisent de la fédération de Russie Boris Eltsine
38%
Nom de l'opération de l'Allemagne nazie visant à envahir l'URSS durant la 2nde Guerre Mondiale Opération Barbarossa
38%
Réforme économique et sociale menée en URSS à la fin des années 1980 par Mikhaïl Gorbatchev afin de "libéraliser" l'économie soviétique Perestroïka
34%
Mer située à l'est de la Finlande et portant le nom d'une couleur Mer Blanche
33%
3e président de la fédération de Russie Dmitri Medvedev
32%
Dirigeant de l'URSS durant la majeure partie de la Guerre Froide, et 3ème dirigeant Nikita Krouchtchev
31%
Fleuve parcourant en partie la frontière sino-russe Amour
30%
Ustensile traditionnel utilisé pour faire bouillir le thé Samovar
30%
"Bloc" que représentait l'URSS durant la Guerre Froide Bloc Est
29%
Chambre basse de l'Assemblée fédérale de la fédération de Russie Douma
29%
Péninsule située à l'extrême est de la Russie Kamtchatka
29%
Fermes collectives utilisées pendant une partie de l'Union soviétique Kolkhozes
29%
Réformes ayant pour but d'améliorer la liberté d'expression, également menée par Gorbatchev en 1986 Glasnost
28%
Point culminant de l'Europe, situé dans les montagnes du Caucase Mont Elbrouz
28%
Arme russe la plus célèbre Kalashnikov-47
27%
Série de poupées empilables de taille décroissante Matriochkas
25%
Poète et romancier russe du début de XIXème siècle, dont la principale oeuvre est Eugène Onéguine. Il parlait également couramment français Alexandre Pouchkine
21%
Oeufs traidtionellement consommés en caviar Oeufs d'esturgeon
20%
Cathédrale à Moscou située sur la Place Rouge Saint-Basile-le-Bienheureux
19%
Fleuve issu des montagnes de l'Altaï, passant par Omsk Ob
18%
Terme désignant la famine qui toucha l'Ukraine en 1933 Holodomor
16%
Dans l'Empire russe, riches fermiers possédant terres, matériel et animaux. Ils furent traqués et déportés avec le début de l'Union soviétique et les politiques de collectivisation Koulaks
15%
Fleuve passant par Irkoutsk Léna
15%
Parti russe dont le nom vient du russe "menchinstvo" signifiant "minoritaire", et qui s'oppose aux bolcheviks, dont le nom vient du russe "bolchinstvo" qui signifie "majoritaire" Mencheviks
15%
Date de la chute de l'URSS (jour, mois, année) 26 décembre 1991
14%
Terme désignant une résidence secondaire, en Russie Datcha
14%
Fils unique de Nicolas II Alexis Nikolaïevitch
12%
Signification de "CEI" Communauté des Etats indépendants
12%
Période de répression massive dans laquelle s'inscrivent ces procès Grande Terreur
11%
Iles, situées dans le Détroit de Béring, séparées de 3km, mais de quasiment 24 heures, car la ligne internationale de changement de date passe au milieu Iles Diomède
10%
Ministre de l'intérieur, membre du Politburo et surtout vice-président du Conseil des ministres de l'URSS. Réputé sadique et cruel, il était craint et fut arrêté puis executé 3 mois après la mort de Joseph Staline Lavrenti Beria
10%
Procès montés de toutes pièces organisés par le leader de l'URSS Joseph Staline de 1936 à 1938 Procès de Moscou
10%
Nom donné autrefois à la Biélorussie Russie blanche
9%
Ville au dessus de laquelle s'est fragmenté un météore, et dont l'onde de choc a brisé nombre de vitres Tcheliabinsk
9%
Résidence officielle du président Kremlin de Moscou
8%
Traité signé le 3 mars 1918 arrêtant les conflits de la 1e Guerre mondiale sur le front Est. La Russie y perd de nombreux territoires Traité de Brest-Litovsk
8%
Noms des prisonniers travaillant dans ces camps Zeks
8%
Mer que bordent une partie de la Scandinavie ainsi que Mourmansk Mer de Barents
7%
Mer située au sud du Détroit de Béring Mer de Béring
7%
Mer située à l'Ouest du Kamtchatka Mer d'Okhotsk
7%
Coup d'état en URSS, mené en 1991 par des conservatistes, qui ammènera à la démission de Mikhaïl Gorbatchev, et qui, paradoxalement, accélèrera la chute de l'Union soviétique Putsch de Moscou
7%
Premier nom de la police politique soviétique, par la suite appelée "GPU", "NKVD", "MGB" et "KGB" Tchéka
7%
Massacre de dizaines de milliers de polonais orchestré par le NKVD en 1940 Massacre de Katyn
6%
Mer située à l'est de la précédente Mer de Kara
6%
Autre nom de l'Internationale communiste Komintern
5%
Organisation des jeunesses communistes créée en octobre 1918 en URSS Komsomol
5%
Dans l'Empire russe, paysan peu fortuné Moujik
5%
Bouillie constituée de céréales et de sarrasin consommée principalement en Russie et dans des régions d'Europe centrale Kacha
4%
Membre du Politburo et collaborateur de Vladimir Lénine, il mourut fusillé le 25 août 1936 à la suite des procès de Moscou de 1936 Lev Kamenev
4%
Successeur de Gueorgui Lvov en tant que président du gouvernement provisoire de la Russie, il fut chassé de ce poste par la suite par Vladimir Lénine Alexandre Kerenski
3%
Surnom donné à la journée du 9 janvier 1905 (selon le calendrier julien) durant laquelle une manifestaton fut reprimée dans le sang à Saint-Pétersbourg, et qui marqua le début de la révolution russe de 1905 Dimanche rouge
3%
Evènement ayant causé, en 1908, une effroyable explosion, ainsi qu'une puissante détonation et une onde de choc en Sibérie centrale Evènement de la Toungouska
3%
Régiment de chasse envoyé par les FFL en Union soviétique durant la 2de Guerre mondiale Normandie-Niémen
3%
Equivalent européen d'un décret présidentiel Oukase
3%
Complot fomenté par le NKVD accusant plusieurs médecins soviétiques juifs d'avoir assasinés des dirigeants soviétiques Complot des blouses blanches
2%
Forteresse située à Saint-Pétersbourg, elle contient entre autres une cathédrale du même nom et la monnaie de Saint-Pétersbourg Forteresse Pierre-et-Paul
2%
Bolchevik, président de l'Internationale communiste et président du soviet de Leningrad. Il forma une alliance composé de Joesph Staline et de Lev Kamenev. Il fut néanmoins assassiné lors des procès de 1936 organisés par Joesph Staline tout comme Lev Kamenev Grigori Zinoviev
2%
Fleuve située au nord-ouest de la Sibérie Kolyma
2%
Endroit où ont été présumément assassinés les membres de la famille Romanov Maison Ipatiev
2%
Mer située au nord du Détroit de Béring Mer des Tchouktches
2%
Ensemble formé par les élites de la nation en URSS Nomenklatura
2%
Considéré comme le bras droit de Staline, il occupa de très hauts postes au sein du gouvernement jusqu'à la mort de ce dernier Viatcheslav Molotov
2%
Groupe d'espions constitué de cinq étudiants de l'université de Cambridge Cinq de Cambridge
1%
Un des principaux protagonistes de l'assassinat de Grigori Raspoutine Félix Ioussoupov
1%
Premier ministre de Russie, assassiné par balles le18 septembre 1911 (selon le calendrier grégorien) Piotr Stolypine
1%
Religieux orthodoxe sencé être prophète et guérisseur. Selon certains, Raspoutine en était un Starets
1%
Discours prononcé par Vladimir Lénine à Petrograd où il propose des tactiques et expose son point de vue sur la révolution, le gouvernement provisoire (auquel il s'oppose), et traite d'autres sujets en lien avec la crise Thèses d'avril
1%
Ville dans laquelle se situe la résidence secondaire de Joseph Staline, dans laquelle il mourut, le 5 mars 1953 Kountsevo
0%
Engagé dans la politique dès 1911, il joue un rôle-clé dans la Grande Purge et les Procès de Moscou des années 1930. Succésseur de Lavrenti Beria à la vice-présidence du Conseil des ministres de l'Union soviétique, il mourut le 25 juillet 1991 à 97 ans, peu avant la chute de l'URSS Lazare Kaganovitch
0%
A l'origine résidence du tsar Pierre Ier, il s'agit maintenant d'un musée Palais de Peterhof
0%
Secte chrétienne présente surtout en Russie et active du XIXe au XXe siècle Scoptes
0%
Saint orthodoxe né à Sarov au milieu du XVIIIe siècle et mort en 1833 Séraphim
0%
Dans la Russie impériale, puis dans l'Union soviétique, Etat-major des forces armées Stavka
0%
Transfuge d'origine soviétique, auteur du livre "J'ai choisi la liberté" Viktor Kravchenko
0%
Agent du KGB à l'origine de l'affaire Farewell en ayant transmis à la Direction de la surveillance du territoire (DST) des milliers de documents confidentiels concernant entre autres le KGB. Vladimir Vetrov
0%
Aucun quiz correspondant
Distribution des résultats
% des personnes avec chaque résultat
Percentile par nombre de réponses
Votre historique - résultats
Vous n’avez pas pris ce quiz